000 00945nam a22002177a 4500
005 20251029085053.0
008 s2508 th tha d
040 _aNALT
041 _atha
090 _aอศ
_bจ188ต 2508
245 0 0 _aตา หู คอ จมูก.
260 _aพระนคร :
_bโรงพิมพ์รุ่งเรืองธรรม,
_c2508.
300 _a42 หน้า ;
_b
_c22 ซม.
500 _aอนุสรณ์ในงานฌาปนกิจศพนางธนสิทธิ์ (จวน เศขรฤทธิ์) ณ เมรุวัดธาตุทอง อ.พระโขนง จ.พระนคร 11 ธันวาคม 2508
650 4 _aตา
_925346
_xโรค
650 4 _aจมูก
_925347
_xโรค
650 4 _aหู
_912372
_xโรค
850 _aNALT
856 4 0 _uhttps://hdl.handle.net/20.500.14156/588256
942 _cRRB
_2local
999 _c23380
_d23380
998 _j4612
_k นางสาววัลยา พุ่มต้นวงค์